AUTOREG (Registro nro. 26202)

Detalles MARC
000 -LEADER
fixed length control field 00324 a2200121 4500
001 - CONTROL NUMBER
control field ART_12240
005 - DATE AND TIME OF LATEST TRANSACTION
control field 20260410161904.0
008 - FIXED-LENGTH DATA ELEMENTS--GENERAL INFORMATION
fixed length control field 260409a
100 1# - MAIN ENTRY--PERSONAL NAME
Personal name Hendry, David F.
245 10 - TITLE STATEMENT
Title AUTOREG
700 1# - ADDED ENTRY--PERSONAL NAME
Personal name Srba, Frank
773 0# - HOST ITEM ENTRY
Title Journal of econometrics
Related parts - Vol. 12, Nº 1 (ene. 1980)
Record control number REV11720

No hay ítems disponibles.